| 000 | 00531nam a2200181Ia 4500 | ||
|---|---|---|---|
| 005 | 20250508161656.0 | ||
| 008 | 008 250505s9999 xx 000 0 eng d | ||
| 037 | _aTextual | ||
| 040 |
_aFEDL _beng _cFEDL |
||
| 041 |
_aeng _2eng |
||
| 084 |
_a370.193, HAV _qFEDL |
||
| 100 |
_aHavighurst Robert J. Ed. _9771294 |
||
| 245 | 0 | _aComparative perspectives on education | |
| 260 |
_aBoston, USA _bLittle, Brown and Company _c1968 |
||
| 300 | _axvi,285p | ||
| 942 |
_cTEXL _h370.193, HAV |
||
| 999 |
_c1371489 _d1371489 |
||